01788nam a2200481 i 450000100060000000300080000600500170001400600190003100700150005000800410006502000270010602000180013303500230015103500240017403500250019803500210022304000310024405000260027508000100030108200120031110000220032324500660034526400370041130000410044833600310048933700330052033800430055349000360059650000220063258801280065459001590078260000340094165000410097565000330101665000290104965000340107865500270111270000320113979700190117183000370119085600620122799900170128924594FlNmELB20241216215743.0m o d | cr cnu||||||||170223s2015 sp o 001 0 spa d a9788446043249 (e-book) z9788446042440 a(MiAaPQ)EBC4794974 a(Au-PeEL)EBL4794974 a(CaPaEBR)ebr11335604 a(OCoLC)991935671 aFINmELBbspaerdacFINmELB 4aB3209.B584bB468 2015 a1(09)0 a1932231 aBenjamin, Walter.10aRadio Benjamin /cWalter Benjamin ; Lecia Rosenthal, editora. 1aMadrid :bEdiciones Akal,c2015. a1 recurso en línea (405 páginas) atextobtxt2rdacontent/spa acomputadorabc2rdamedia/spa arecurso en líneabcr2rdacarrier/spa1 aCuestiones de antagonismo ;v86 aIncluye índice. aDescripción basada en recurso en línea; Título de la página del título en PDF (e-libro, visto February 23, 2017). aRecurso electronico. Santa Fe, Arg. : e-libro, 2016. Disponible via World Wide Web. El acceso puede ser limitado para las bibliotecas afiliadas a e-libro.10aBenjamin, Walter,d1892-1940. 0aPhilosopherszGermanyy20th century. 4aFilósofoszAlemaniayS XX. 0aRadio programszGermany. 4aProgramas de radiozAlemania. 4aLibros electrónicos.1 aRosenthal, Lecia,eeditora.2 ae-libro, Corp. 0aCuestiones de antagonismo ;v86.40uhttps://elibro.net/ereader/politecnicointernacional/49804 c24594d24594